Athletics world records - Statistics

General Stats
  • This quiz has been taken 49 times
  • The average score is 15 of 48
Answer Stats
Event Time/distance/height % Correct
100m men 9.58
97%
200m men 19.19
86%
100m women 10.49
71%
400m men 43.03
71%
High jump men 2.45
57%
Pole vault men 6.21
57%
Long jump men 8.95
57%
Pole vault women 5:06
54%
400m hurdles women 50.68
54%
High jump women 2:09
51%
1500m men 3:26.00
49%
200m women 21.34
46%
800m men 1:40.91
43%
Triple jump men 18.29
37%
400m women 47.60
37%
110m hurdles men 12.80
34%
1 mile(1609m) men 3:43.13
34%
400m hurdles men 45.94
34%
4x100m men 36.84
31%
Long jump women 7.52
31%
100m hurdles women 12.12
29%
5000m men 12:35.36
29%
800m women 1:53.28
26%
Shot put women 22.63
26%
Shot put men 23.37
26%
1500m women 3:50.07
26%
Javelin throw men 98.48
26%
Marathon men 2:01:39
23%
3000m men 7:20.67
23%
Triple jump women 15.74
20%
4x100m women 40.82
20%
Discus throw men 74.08
20%
5000m women 14:06.62
17%
Heptathlon women 7291
17%
3000m steeplechase men 7:53.63
17%
Hammer throw men 86.74
17%
Decathlon men 9126
17%
Marathon women 2:14:04
14%
4x400m men 2:54.29
14%
10000m men 26:11.00
14%
10000m women 29:01.03
14%
1 mile(1609m) women 4:12.33
14%
Discus throw women 76.80
14%
3000m steeplechase women 8:44.32
14%
Hammer throw women 82.98
11%
4x400m women 3:15.17
9%
Javelin throw women 72.28
9%
3000m women 8:06.11
9%
No matching quizzes found
Score Distribution
Percent of People with Each Score
Percentile by Number Answered
Your Score History
You have not taken this quiz